<?xml version="1.0" encoding="UTF-8"?>
<record
    xmlns:xsi="http://www.w3.org/2001/XMLSchema-instance"
    xsi:schemaLocation="http://www.loc.gov/MARC21/slim http://www.loc.gov/standards/marcxml/schema/MARC21slim.xsd"
    xmlns="http://www.loc.gov/MARC21/slim">

  <leader>00728nam a2200229Ia 4500</leader>
  <controlfield tag="005">20220302152754.0</controlfield>
  <controlfield tag="008">210716s2009    xx            000 0 und d</controlfield>
  <datafield tag="020" ind1=" " ind2=" ">
    <subfield code="a">9788177588507</subfield>
  </datafield>
  <datafield tag="040" ind1=" " ind2=" ">
    <subfield code="c">AIMIT LIBRARY</subfield>
  </datafield>
  <datafield tag="041" ind1=" " ind2=" ">
    <subfield code="a">eng</subfield>
  </datafield>
  <datafield tag="082" ind1=" " ind2=" ">
    <subfield code="a">659.1 </subfield>
    <subfield code="2">5</subfield>
    <subfield code="b">BATR</subfield>
  </datafield>
  <datafield tag="100" ind1=" " ind2=" ">
    <subfield code="a">Batra, Rajeev.</subfield>
    <subfield code="9">22378</subfield>
  </datafield>
  <datafield tag="245" ind1=" " ind2=" ">
    <subfield code="a">Advertising management /</subfield>
    <subfield code="c">By Rajeev Batra, John G. Myers and David A. Aaker.</subfield>
  </datafield>
  <datafield tag="250" ind1=" " ind2=" ">
    <subfield code="a">5th ed.</subfield>
  </datafield>
  <datafield tag="260" ind1=" " ind2=" ">
    <subfield code="a">New Delhi :</subfield>
    <subfield code="b">Pearson Education ,</subfield>
    <subfield code="c">2009.</subfield>
  </datafield>
  <datafield tag="300" ind1=" " ind2=" ">
    <subfield code="a">768p. ;</subfield>
    <subfield code="c">24 cm.</subfield>
  </datafield>
  <datafield tag="650" ind1=" " ind2=" ">
    <subfield code="a">Advertising planning and decision making</subfield>
    <subfield code="9">22379</subfield>
  </datafield>
  <datafield tag="650" ind1=" " ind2=" ">
    <subfield code="a">Segmentation and positioning</subfield>
    <subfield code="9">22380</subfield>
  </datafield>
  <datafield tag="700" ind1=" " ind2=" ">
    <subfield code="a">Myers, John G.</subfield>
    <subfield code="9">22381</subfield>
  </datafield>
  <datafield tag="700" ind1=" " ind2=" ">
    <subfield code="a">Aaker, David A.</subfield>
    <subfield code="9">22382</subfield>
  </datafield>
  <datafield tag="942" ind1=" " ind2=" ">
    <subfield code="2">ddc</subfield>
    <subfield code="c">BK</subfield>
    <subfield code="e">5th</subfield>
    <subfield code="k">659.1 BATR</subfield>
  </datafield>
  <datafield tag="999" ind1=" " ind2=" ">
    <subfield code="c">181830</subfield>
    <subfield code="d">181830</subfield>
  </datafield>
  <datafield tag="952" ind1=" " ind2=" ">
    <subfield code="0">0</subfield>
    <subfield code="1">0</subfield>
    <subfield code="4">0</subfield>
    <subfield code="7">0</subfield>
    <subfield code="8">MCA</subfield>
    <subfield code="a">AIMIT</subfield>
    <subfield code="b">AIMIT</subfield>
    <subfield code="d">2021-07-16</subfield>
    <subfield code="e">Donated</subfield>
    <subfield code="l">0</subfield>
    <subfield code="o">659.1 BATR</subfield>
    <subfield code="p">MCA01338</subfield>
    <subfield code="r">2025-07-21 00:00:00</subfield>
    <subfield code="w">2021-07-16</subfield>
    <subfield code="y">BK</subfield>
  </datafield>
  <datafield tag="952" ind1=" " ind2=" ">
    <subfield code="0">0</subfield>
    <subfield code="1">0</subfield>
    <subfield code="2">ddc</subfield>
    <subfield code="4">0</subfield>
    <subfield code="7">0</subfield>
    <subfield code="8">MBA</subfield>
    <subfield code="a">AIMIT</subfield>
    <subfield code="b">AIMIT</subfield>
    <subfield code="d">2010-02-20</subfield>
    <subfield code="g">399.00</subfield>
    <subfield code="i">Billno:ABK669;Billdt:2010-02-10</subfield>
    <subfield code="l">0</subfield>
    <subfield code="o">659.1BATR</subfield>
    <subfield code="p">MBA07635</subfield>
    <subfield code="r">2026-05-23 00:00:00</subfield>
    <subfield code="v">299.25</subfield>
    <subfield code="w">2021-07-16</subfield>
    <subfield code="y">BK</subfield>
  </datafield>
  <datafield tag="952" ind1=" " ind2=" ">
    <subfield code="0">0</subfield>
    <subfield code="1">0</subfield>
    <subfield code="2">ddc</subfield>
    <subfield code="4">0</subfield>
    <subfield code="7">0</subfield>
    <subfield code="8">MBA</subfield>
    <subfield code="a">AIMIT</subfield>
    <subfield code="b">AIMIT</subfield>
    <subfield code="d">2010-02-20</subfield>
    <subfield code="g">399.00</subfield>
    <subfield code="i">Billno:ABK669;Bildt:2010-02-10</subfield>
    <subfield code="l">0</subfield>
    <subfield code="o">659.1BATR</subfield>
    <subfield code="p">MBA07636</subfield>
    <subfield code="r">2026-05-23 00:00:00</subfield>
    <subfield code="v">299.25</subfield>
    <subfield code="w">2021-07-16</subfield>
    <subfield code="y">BK</subfield>
  </datafield>
  <datafield tag="952" ind1=" " ind2=" ">
    <subfield code="0">0</subfield>
    <subfield code="1">0</subfield>
    <subfield code="2">ddc</subfield>
    <subfield code="4">0</subfield>
    <subfield code="7">0</subfield>
    <subfield code="8">MBA</subfield>
    <subfield code="a">AIMIT</subfield>
    <subfield code="b">AIMIT</subfield>
    <subfield code="d">2010-02-20</subfield>
    <subfield code="g">399.00</subfield>
    <subfield code="i">Bilno:ABK669;Billdt:2010-02-10</subfield>
    <subfield code="l">0</subfield>
    <subfield code="o">659.1BATR</subfield>
    <subfield code="p">MBA07637</subfield>
    <subfield code="r">2026-05-23 00:00:00</subfield>
    <subfield code="v">299.25</subfield>
    <subfield code="w">2021-07-16</subfield>
    <subfield code="y">BK</subfield>
  </datafield>
  <datafield tag="952" ind1=" " ind2=" ">
    <subfield code="0">0</subfield>
    <subfield code="1">0</subfield>
    <subfield code="2">ddc</subfield>
    <subfield code="4">0</subfield>
    <subfield code="7">0</subfield>
    <subfield code="8">MBA</subfield>
    <subfield code="a">AIMIT</subfield>
    <subfield code="b">AIMIT</subfield>
    <subfield code="d">2010-02-20</subfield>
    <subfield code="g">399.00</subfield>
    <subfield code="i">Billno:ABK669;Billdt:2010-02-10</subfield>
    <subfield code="l">0</subfield>
    <subfield code="o">659.1BATR</subfield>
    <subfield code="p">MBA07638</subfield>
    <subfield code="r">2026-05-23 00:00:00</subfield>
    <subfield code="v">299.25</subfield>
    <subfield code="w">2021-07-16</subfield>
    <subfield code="y">BK</subfield>
  </datafield>
</record>
